[Event "IECC O-2970"]
[Site "IECC email"]
[Date "2009.06.03"]
[Round "?"]
[White "Bachelor, Stephen John"]
[Black "Ault, Kevin F"]
[Result "0-1"]
[WhiteElo "1111"]
[BlackElo "1176"]
[PlyCount "78"]
[EventDate "2009.??.??"]
[EventType "swiss (corr)"]
[EventRounds "2"]
[SourceTitle "Telechess CBM 137"]
[Source "ChessBase"]
[SourceDate "2010.07.15"]
[SourceVersion "1"]
[SourceVersionDate "2010.07.15"]
[SourceQuality "1"]
[WhiteTeam "Sweden"]
[BlackTeam "England"]
[WhiteTeamCountry "SWE"]
[BlackTeamCountry "ENG"]

1. e4 g5 2. Nf3 h6 3. Be2 d6 4. Nd4 Bg7 5. c3 a6 6. d3 e6 7. Nd2 c5 8. N4b3 b5 9. a3 Bd7 10. d4 c4 11. Nxc4 bxc4 12. Bxc4 Qc7 13. Nd2 Ne7 14. Bd3 Ng6 15. c4 Bxd4 16. Nb3 Ba4 17. Bc2 Bb6 18. Nd2 Bxc2 19. Qxc2 Ne5 20. Qa4+ Nbd7 21. b3 Nd3+ 22. Kd1 Nxf2+ 23. Kc2 Bd4 24. Bb2 Bxb2 25. Kxb2 Nxh1 26. Rxh1 Ke7 27. b4 Nb6 28. Qb3 Rab8 29. a4 Rhc8 30. Rc1 Nd7 31. a5 Nc5 32. Qa3 Qc6 33. Ra1 Nxe4 34. Kc2 Nxd2 35. Kxd2 Qxg2+ 36. Kc1 Rxc4+ 37. Kd1 Rbxb4 38. Qxb4 Rxb4 39. Kc1 Qf1+ 0-1